00706pam a2200241 a 45000010008000000030004000080050017000120080041000290100017000700200015000870400018001020500021001200820019001411000023001602450065001832600053002483000036003015000019003375040041003566500020003976500023004176500024004402911275OSt20221103153825.0881011s1989 nyua b 001 0 eng  a 88027987  a0442207530 aDLCcDLCdDLC00aTX541b.W66 198900a664219bWON/M1 aWong, Dominic W. S10aMechanism and theory in food chemistry /cDominic W.S. Wong. aNew York, N.Y. :bVan Nostrand Reinhold,cc1989. axviii, 428 p. :bill. ;c24 cm. a"An AVI book." aIncludes bibliographical references. 0aFoodxAnalysis. 0aFoodxComposition. 0aChemical reactions.